1223 1881 1056 1012 1611 1584 1078 1122 1781 1999 1552 1459 1450 1229 1357 1445 1317 1179 1228 1473 1943 1871 1337 1926 1367 1770 1992 1142 1314 1440 1522 1252 1210 1213 1623 1277 1743 1586 1140 1198 1436 1428 1196 1870 1941 1181 1194 1303 1865 1844 1203 1052 1269 1026 1150 1918 1192 1013 1915 1898 1192 1318 1513 1792 1137 1864 1758 1287 1554 1436 1538 1290 1699 1118 1187 1469 1095 1767 1408 1985 1195 1888 1764 1979 1488 1021 1768 1757 1617 1080 1892 1184 1336 1595 1510 1291 1428 1658 1353 BCNSPRNW ULIB Ver.6.0+V

เปลี่ยนเป็นภาษาไทย

Change to English
 แสดงรายละเอียดบรรณานุกรม
  กลับหน้าหลัก

Brief Record : Get Marc (ISO 2709) : E-mail record : QR code < ปิดหน้าต่าง
LEADER : 00000nam 2200000uu 4500
001    13399109020
003     ULIB
008    110318s2549||||th 000 0 tha d
020    9749441427
060 04 WY20.5^bป554ส 2549
100 0  ปาริชาติ โรจน์พลากร-กู๊ช
245 10 สถิติสำหรับงานวิจัยทางการพยาบาล และการใช้โปรแกรม SPSS forwindows /^cปาริชาติ โรจน์พลากร-กู๊ช, ยุวดี ฦาชา
250    พิมพ์ครั้งที่ 1
260    กรุงเทพฯ :^bภาควิชาพยาบาลศาสตร์คณะพยาบาลศาสตร์โรงพยาบาลรามาธิบดี มหาวิทยาลัยมหิดล,^c2549
300    [7], 399 หน้า ;^c26 ซม.
500 ตำ รานี้จัดพิมพ์เผยแพร่โดยได้รับความสนับสนุนจากโครงการตำราภาควิชาพยาบาลศาสตร์ คณะแพทยศาสตร์โรงพยาบาลรามาธิบดี มหาวิทยาลัยมหิดล
650  7 การพยาบาล^vวิจัย
650  7 สถิติศาสตร์
650  7 สถิติ^xโปรแกรมคอมพิวเตอร์
650  7 เอสพีเอสเอส (โปรแกรมคอมพิวเตอร์)
650  7 เอสพีเอสเอสสำหรับวินโดวส์
700 0  ยุวดี ฦาชา
710 2  มหาวิทยาลัยมหิดล. ^bคณะแพทยศาสตร์โรงพยาบาลรามาธิบดี.^bภาควิชาพยาบาลศาสตร์
945    ^p300^l0^i025642
945    ^p300^l0^i025641
945    ^p300^l0^i025640
995    เกษร
999 ^a ใช้งานได้ทุกระบบ
รายการนี้ยังไม่มีแท็ก
คุณยังไม่ได้ล็อกอิน คุณสามารถมีกิจกรรมร่วมกับเว็บไซต์ได้ แต่ต้องล็อกอินก่อน ::
  ล็อกอิน

รายการสื่อสารสนเทศ

ลำดับที่ ประเภท เลขเรียก/บาร์โค้ด สถานที่ สถานะ
- ไม่พบข้อมูล -

รายการใกล้เคียง
    ผู้แต่ง [ปาริชาติ โรจน์พลากร-กู๊ช]

    หัวเรื่อง [สถิติศาสตร์]
    หัวเรื่อง [เอสพีเอสเอส (โปรแกรมคอมพิวเตอร์)]
    หัวเรื่อง [เอสพีเอสเอสสำหรับวินโดวส์]

BibComment


ยังไม่เคยถูกคอมเมนท์

คอมเมนท์ทรัพยากรรายการนี้
  คอมเมนท์: สถิติสำหรับงานวิจ..


 Copyright 2026. Bcnsprnw @Library